History of the Muslims of Bengal / (Record no. 45003)
[ view plain ]
| 000 -LEADER | |
|---|---|
| fixed length control field | 00978cam a2200241 a 4500 |
| 001 - CONTROL NUMBER | |
| control field | 45003 |
| 003 - CONTROL NUMBER IDENTIFIER | |
| rucl marc code | BD-RJUL |
| 005 - DATE AND TIME OF LATEST TRANSACTION | |
| control field | 20211209053940.0 |
| 008 - FIXED-LENGTH DATA ELEMENTS--GENERAL INFORMATION | |
| fixed length control field | 160721s1985 su ab b 001 0 eng |
| 035 ## - SYSTEM CONTROL NUMBER | |
| System control number | (BD-RjUL)45121 |
| 040 ## - CATALOGING SOURCE | |
| Original cataloging agency | DLC |
| Transcribing agency | DLC |
| Modifying agency | DLC |
| Language of cataloging | eng |
| 041 ## - LANGUAGE CODE | |
| Language code of text/sound track or separate title | eng |
| 082 00 - DEWEY DECIMAL CLASSIFICATION NUMBER | |
| Classification number | 954.1400882971 |
| Edition number | 23 |
| Author mark and year | ALH |
| 100 10 - MAIN ENTRY--PERSONAL NAME | |
| Personal name | Ali, Muhammad Mohar. |
| 9 (RLIN) | 137897 |
| 245 10 - TITLE STATEMENT | |
| Title | History of the Muslims of Bengal / |
| Statement of responsibility, etc. | Muhammad Mohar Ali. |
| 250 ## - EDITION STATEMENT | |
| Edition statement | 1st ed. |
| 260 0# - PUBLICATION, DISTRIBUTION, ETC. (IMPRINT) | |
| Place of publication, distribution, etc. | Riyadh : |
| Name of publisher, distributor, etc. | Imam Muhammad ibn Saʼūd Islamic University, |
| Date of publication, distribution, etc. | 1985. |
| 300 ## - PHYSICAL DESCRIPTION | |
| Pagination | V. : |
| Illustrations | ill. ; |
| Size | 25 cm. |
| 505 1# - FORMATTED CONTENTS NOTE | |
| Formatted contents note | v. 1A. Muslim rule in Bengal (600-1170/1203-1757) -- v. 1B. Survey of administration, society and culture -- v. 2 A. Bengal Muslims during the first century of British rule (1757-1871) -- v. 2B. Bengal Muslims during the first century of British rule (1757-1871) -- |
| 650 #0 - SUBJECT ADDED ENTRY--TOPICAL TERM | |
| Topical term or geographic name as entry element | Muslims |
| Geographic subdivision | India |
| -- | Bengal |
| General subdivision | History. |
| 9 (RLIN) | 137898 |
| 651 #0 - SUBJECT ADDED ENTRY--GEOGRAPHIC NAME | |
| Geographic name | Bengal (India) |
| General subdivision | History. |
| 9 (RLIN) | 137899 |
| 942 ## - ADDED ENTRY ELEMENTS (KOHA) | |
| Source of classification or shelving scheme | Dewey Decimal Classification |
| Koha item type | Books |
| Lost status | Source of classification or shelving scheme | Damaged status | Not for loan | Collection code | Permanent Location | Current Location | Shelving location | Date acquired | Source of acquisition | Total Checkouts | Full call number | Date last seen | Date checked out | Copy number | Koha item type |
|---|---|---|---|---|---|---|---|---|---|---|---|---|---|---|---|
| Dewey Decimal Classification | Non-fiction | Central Library, University of Rajshahi | Central Library, University of Rajshahi | 12/08/1987 | Embages ; Dhaka | 8 | 954.1400882971 ALH V-1 1985 | 22/11/2016 | 22/11/2016 | C-2 | Books | ||||
| Dewey Decimal Classification | Non-fiction | Central Library, University of Rajshahi | Central Library, University of Rajshahi | 26/02/1997 | Cultural Centure of Island pub. | 1 | 954.1400882971 ALH V-2A 1988 | 06/08/2018 | 31/07/2018 | C-2 | Books | ||||
| Dewey Decimal Classification | Not For Loan | Non-fiction | Central Library, University of Rajshahi | Central Library, University of Rajshahi | Reading Room | 26/02/1997 | Cultural Centure of Island pub. | 954.1400882971 ALH V-1A 1985 | 09/02/2017 | C-1 | Books | ||||
| Dewey Decimal Classification | Not For Loan | Non-fiction | Central Library, University of Rajshahi | Central Library, University of Rajshahi | Reading Room | 26/02/1997 | R.U.L. | 954.1400882971 ALH V-2B 1988 | 12/02/2017 | C-1 | Books | ||||
| Dewey Decimal Classification | Non-fiction | Central Library, University of Rajshahi | Central Library, University of Rajshahi | 26/02/1997 | 954.1400882971 ALH V-1B 1985 | 13/02/2017 | C-2 | Books | |||||||
| Dewey Decimal Classification | Non-fiction | Central Library, University of Rajshahi | Central Library, University of Rajshahi | 12/08/1987 | Cultural Centure of Island pub. | 954.1400882971 ALH V-1A 1985 | 13/02/2017 | C-2 | Books |